Pays d'Asie et capitales - Map Quiz - Statistiques

Statistiques générales
  • Ce quiz a été pris 269 fois
  • Le résultat moyen est 33 sur 49
Réponses sur la Carte
Les réponses sont colorées sur une échelle allant du rouge au vert en fonction du pourcentage des utilisateurs qui les ont devinées à leur premier essai. Vous pouvez retrouver ces pourcentages ci-dessous.
 
Statistiques - réponses
Réponse % Correct
Pékin
85%
Riyad
84%
Tokyo
84%
Seoul
82%
New Delhi
81%
Pyongyang
81%
Kaboul
80%
Ankara
77%
Moscou
76%
Jérusalem
75%
Singapour
75%
Manille
74%
Sri Jayawardenapura Kotte
74%
Jakarta
73%
Katmandou
73%
Oulan Bator
73%
Bagdad
72%
Nicosie
72%
Téhéran
72%
Erevan
71%
Taipei
71%
Bangkok
70%
Koweït
70%
Bakou
69%
Islamabad
69%
Beyrouth
68%
Hanoï
68%
Kuala Lumpur
68%
Abou Dabi
66%
Damas
66%
Phnom Penh
66%
Dacca
64%
Sanaa
64%
Doha
62%
Malé
62%
Tbilissi
62%
Vientiane
62%
Amman
60%
Dili
59%
Mascate
59%
Noursoultan
59%
Naypyidaw
58%
Thimphou
57%
Bichkek
50%
Bandar Seri Begawan
49%
Douchanbé
49%
Manama
48%
Achgabat
47%
Tachkent
46%
Aucun quiz correspondant
Distribution des résultats
% des personnes avec chaque résultat
Percentile par nombre de réponses
Votre historique - résultats
Vous n’avez pas pris ce quiz